Open Data Biblioteca Nacional de Portugal


República Portuguesa: Ministério da Cultura
Biblioteca Nacional de Portugal

Catálogo da BNP: acesso por Identificadores Unívocos
Registos Bibliográficos associados ao registo de autoridade

Etiqueta de registo: 00000nam 2200025 450
001 2289570
003 http://id.bnportugal.gov.pt/bib/catbnp/2289570
100 ## $a20260703d2026 k y0pory01030103ba
101 0# $apor$deng
102 ## $aPT
105 ## $aa m 000yy
106 ## $ar
200 1# $aDos resorts flutuantes à "Casa de Lata" - (multi/inter) cultura e relações de poder nos cruzeiros marítimos$fTelma Medeiros Brito$gorient. Maria Manuel Rocha Teixeira Baptista, Carlos Manuel Martins da Costa
210 #9 $aAveiro$c[s.n.],$d2026
215 ## $a313 p.$cil.$d30 cm
300 ## $aAcesso não autorizado por um período de 2 anos
328 #1 $aTese dout. Turismo, Universidade de Aveiro, 2026
700 #1 $aBrito,$bTelma Medeiros$32002628
702 #1 $aBaptista,$bMaria Manuel,$f1964-$4727$31142799
702 #1 $96$aCosta,$bCarlos$4727$31192479
801 #0 $aPT$bBN$gRPC
966 ## $lBN$mFGMON$x1
971 ## $corlando$d20260703

OpendataBNP@bnportugal.pt | Mais informação sobre acesso aos dados BNP